[Event "4. Open Hotel Avenida de Canarias 2010"]
[Site "Vecindario ESP"]
[Date "2010.07.21"]
[Round "5.32"]
[White "Rojas Mirabal, Pedro"]
[Black "Aleman Alamo, Nicolas"]
[Result "1-0"]
[WhiteElo "1996"]
[BlackElo "1681"]
[PlyCount "49"]
[EventDate "2010.07.18"]
[EventType "swiss"]
[EventRounds "9"]
[EventCountry "ESP"]
[Source "lmi"]
[SourceDate "2010.07.18"]

1. e4 e6 2. d4 d5 3. Nc3 Bb4 4. e5 c5 5. a3 Ba5 6. Bd2 Bxc3 7. Bxc3 cxd4 8.
Qxd4 Nc6 9. Qg4 g6 10. Nf3 Nh6 11. Qf4 Nf5 12. h4 h6 13. g4 Nfe7 14. O-O-O Bd7
15. Qf6 Rh7 16. h5 g5 17. Bd3 Nf5 18. gxf5 Qxf6 19. exf6 e5 20. Nxe5 O-O-O 21.
Nxd7 Rxd7 22. Bb5 Rh8 23. Rhe1 Rd6 24. Bxc6 bxc6 25. Re7 1-0

[Event "4. Open Hotel Avenida de Canarias 2010"]
[Site "Vecindario ESP"]
[Date "2010.07.21"]
[Round "5.33"]
[White "Stojanovic, Kosara"]
[Black "Reyes Hidalgo, Alejandro"]
[Result "1/2-1/2"]
[WhiteElo "1954"]
[BlackElo "1613"]
[PlyCount "81"]
[EventDate "2010.07.18"]
[EventType "swiss"]
[EventRounds "9"]
[EventCountry "ESP"]
[Source "lmi"]
[SourceDate "2010.07.18"]

1. e4 e6 2. d4 d5 3. exd5 exd5 4. Nf3 Nf6 5. Be2 Be7 6. O-O c6 7. Bf4 O-O 8. c3
Bf5 9. Nbd2 h6 10. h3 Re8 11. Re1 Nbd7 12. Nf1 Ne4 13. Bd3 Ndf6 14. Qc2 Bh7 15.
Ng3 Bd6 16. Bxd6 Qxd6 17. Bxe4 Nxe4 18. Nxe4 Rxe4 19. Rxe4 Bxe4 20. Qe2 Re8 21.
Re1 Re6 22. Kf1 Bxf3 23. Qxf3 Rxe1+ 24. Kxe1 Qg6 25. b4 Qb1+ 26. Kd2 Qxa2+ 27.
Kd3 Qb1+ 28. Kd2 Qg6 29. g3 a6 30. h4 Qe6 31. Qf4 Qe7 32. Qf5 g6 33. Qf4 Kg7
34. Kd3 f5 35. Qe5+ Kf7 36. f3 Qxe5 37. dxe5 b6 38. Kd4 Ke6 39. f4 h5 40. Kd3
Ke7 41. Kd4 1/2-1/2

[Event "4. Open Hotel Avenida de Canarias 2010"]
[Site "Vecindario ESP"]
[Date "2010.07.21"]
[Round "5.34"]
[White "Perez Castellano, Yaiza"]
[Black "Mayor Gonzalez, Julio"]
[Result "0-1"]
[WhiteElo "1610"]
[BlackElo "1918"]
[PlyCount "120"]
[EventDate "2010.07.18"]
[EventType "swiss"]
[EventRounds "9"]
[EventCountry "ESP"]
[Source "lmi"]
[SourceDate "2010.07.18"]

1. e4 e5 2. Nf3 Nc6 3. Bc4 Nf6 4. d3 Be7 5. c3 O-O 6. Nbd2 d5 7. exd5 Nxd5 8.
Ne4 h6 9. O-O Be6 10. Re1 Rb8 11. Bb3 Qd7 12. d4 exd4 13. Nxd4 Nxd4 14. Qxd4 b6
15. Qd3 Nf6 16. Nxf6+ Bxf6 17. Qg3 Kh8 18. Bf4 Rbc8 19. Bxe6 fxe6 20. Qh3 Rce8
21. Re4 Qf7 22. Bg3 Re7 23. Rf4 Qg6 24. Rc4 Rff7 25. Re1 Qc2 26. Rb4 c5 27. Rb3
Bg5 28. Qg4 Qf5 29. Qe2 Rd7 30. h3 Bd2 31. Rd1 Qc2 32. Kh2 Kh7 33. Kh1 Rfe7 34.
Bf4 Qxd1+ 35. Qxd1 Bxf4 36. Qf3 Bg5 37. c4 Rd4 38. Qe2 e5 39. Qc2+ e4 40. f3
Rd2 41. Qb1 Re2 42. Kg1 Kh8 43. fxe4 R7xe4 44. Kf1 Bd2 45. Qd3 Re1+ 46. Kf2 Bg5
47. g3 Bf6 48. Kf3 Rd4 49. Qg6 Bg5 50. h4 Bf6 51. Qf7 Kh7 52. Qxa7 Rf1+ 53. Kg2
Rb1 54. Qxb6 Rd2+ 55. Kf3 Bd4 56. a4 h5 57. a5 Re1 58. Re3 Rxe3+ 59. Kf4 Re5
60. g4 Rf2+ 0-1

[Event "4. Open Hotel Avenida de Canarias 2010"]
[Site "Vecindario ESP"]
[Date "2010.07.21"]
[Round "5.35"]
[White "Cruz Pino, Adrian"]
[Black "Perez Martin, Alain"]
[Result "1-0"]
[WhiteElo "1871"]
[BlackElo "1607"]
[PlyCount "111"]
[EventDate "2010.07.18"]
[EventType "swiss"]
[EventRounds "9"]
[EventCountry "ESP"]
[Source "lmi"]
[SourceDate "2010.07.18"]

1. e4 e5 2. Nf3 Nc6 3. Bb5 Bc5 4. O-O d6 5. d4 exd4 6. Nxd4 Bd7 7. Bxc6 Bxc6 8.
Nxc6 bxc6 9. c4 Nf6 10. Qa4 Qd7 11. Nc3 h6 12. Rd1 Rb8 13. a3 Ng4 14. Rd2 O-O
15. Nd1 Rfe8 16. Nc3 f5 17. b4 Bxf2+ 18. Rxf2 Nxf2 19. Kxf2 fxe4 20. Qb3 Qf5+
21. Kg1 e3 22. Ra2 Rf8 23. Qd1 Rbe8 24. Re2 Qf2+ 25. Rxf2 exf2+ 26. Kf1 Re1+
27. Qxe1 fxe1=Q+ 28. Kxe1 Re8+ 29. Kf2 Re5 30. Be3 a6 31. a4 Kf7 32. g4 h5 33.
Bf4 Re8 34. gxh5 Rh8 35. h6 gxh6 36. Ne2 Rh7 37. Nd4 c5 38. bxc5 dxc5 39. Nb3
Kg6 40. Nxc5 Re7 41. Kf3 Re1 42. Bxc7 Rc1 43. Nd3 Rc3 44. Ke3 Kf5 45. Kd4 Ra3
46. a5 Ra4 47. Nc5 Ra1 48. Nxa6 Rd1+ 49. Kc5 h5 50. Nb4 h4 51. a6 Ra1 52. Bb8
Kg4 53. a7 Kf3 54. Nd5 Kg2 55. Nb6 Rxa7 56. Bxa7 1-0

[Event "4. Open Hotel Avenida de Canarias 2010"]
[Site "Vecindario ESP"]
[Date "2010.07.21"]
[Round "5.36"]
[White "Marrero Lopez, Agustin"]
[Black "Manchon Santana, Alberto"]
[Result "1-0"]
[WhiteElo "1869"]
[BlackElo "1312"]
[PlyCount "97"]
[EventDate "2010.07.18"]
[EventType "swiss"]
[EventRounds "9"]
[EventCountry "ESP"]
[Source "lmi"]
[SourceDate "2010.07.18"]

1. b3 Nf6 2. Bb2 g6 3. e3 Bg7 4. Nf3 c5 5. d4 cxd4 6. Nxd4 O-O 7. c4 d6 8. Nc3
Nc6 9. g3 Bd7 10. Bg2 Rc8 11. O-O Qc7 12. Rb1 a6 13. a3 Rfd8 14. Qe2 Be8 15.
Rfd1 e6 16. Rbc1 Qb8 17. Ne4 Nxe4 18. Bxe4 Ne7 19. b4 d5 20. Bg2 dxc4 21. Rxc4
Bb5 22. Rxc8 Rxc8 23. Nxb5 Bxb2 24. Qxb2 axb5 25. h4 h5 26. Rd7 Nc6 27. Be4 Rc7
28. Qd2 Rxd7 29. Qxd7 Nd8 30. Qxb5 Qc7 31. a4 f5 32. Bf3 Qc8 33. Qe8+ Kg7 34.
Qb5 Nc6 35. Qc5 Kf6 36. b5 Ne7 37. Qxc8 Nxc8 38. Bxb7 Nd6 39. Bc6 Ke7 40. Kf1
Kd8 41. Ke2 Kc7 42. Kd3 e5 43. Kc3 Kb6 44. Kb4 Nb7 45. Bxb7 Kxb7 46. Kc5 Kc7
47. Kd5 e4 48. Ke5 Kd7 49. Kf6 1-0

[Event "4. Open Hotel Avenida de Canarias 2010"]
[Site "Vecindario ESP"]
[Date "2010.07.21"]
[Round "5.38"]
[White "Carmona Ojeda, Victor"]
[Black "Diaz Suarez, Cayetano"]
[Result "0-1"]
[WhiteElo "1540"]
[BlackElo "1847"]
[PlyCount "76"]
[EventDate "2010.07.18"]
[EventType "swiss"]
[EventRounds "9"]
[EventCountry "ESP"]
[Source "lmi"]
[SourceDate "2010.07.18"]

1. e4 Nf6 2. Nc3 d5 3. exd5 Nxd5 4. Nxd5 Qxd5 5. d4 Nc6 6. Be3 Bf5 7. Qd2 e6 8.
c3 Bd6 9. Ne2 O-O-O 10. Nf4 Bxf4 11. Bxf4 Qe4+ 12. Qe3 Qc2 13. Be2 f6 14. O-O
Rhe8 15. Bf3 e5 16. Bxc6 exf4 17. Qxe8 Rxe8 18. Bxe8 f3 19. Bf7 fxg2 20. Kxg2
Be4+ 21. Kg3 Qxb2 22. Rac1 Qb5 23. h4 g5 24. Be6+ Kd8 25. c4 Qe8 26. Bg4 Qg6
27. h5 Qf7 28. Be2 f5 29. f4 g4 30. Rf2 h6 31. Bf1 c6 32. Bg2 Qe7 33. Re1 Qa3+
34. Kh2 g3+ 35. Kg1 gxf2+ 36. Kxf2 Bxg2 37. Kxg2 Qxa2+ 38. Kg3 Qxc4 0-1

[Event "4. Open Hotel Avenida de Canarias 2010"]
[Site "Vecindario ESP"]
[Date "2010.07.22"]
[Round "6.2"]
[White "Vega Gutierrez, Sabrina"]
[Black "Salgado Lopez, Ivan"]
[Result "0-1"]
[WhiteElo "2373"]
[BlackElo "2607"]
[PlyCount "52"]
[EventDate "2010.07.18"]
[EventType "swiss"]
[EventRounds "9"]
[EventCountry "ESP"]
[Source "lmi"]
[SourceDate "2010.07.18"]

1. e4 c5 2. Nf3 e6 3. d4 cxd4 4. Nxd4 Nf6 5. Nc3 d6 6. f4 a6 7. Qf3 Qb6 8. Nb3
Qc7 9. Be3 b5 10. Bd3 Bb7 11. O-O b4 12. Nd1 Nbd7 13. c3 a5 14. cxb4 axb4 15.
Nf2 Be7 16. Rfc1 Qb8 17. Bd2 O-O 18. Bxb4 Bxe4 19. Bxe4 Nxe4 20. a3 Nxf2 21.
Qxf2 Nf6 22. Nd4 Ng4 23. Qe2 Bf6 24. Bc3 Qb6 25. Rd1 h5 26. h3 e5 0-1

[Event "4. Open Hotel Avenida de Canarias 2010"]
[Site "Vecindario ESP"]
[Date "2010.07.22"]
[Round "6.3"]
[White "Kurajica, Bojan"]
[Black "Hernandez Leon, Alberto"]
[Result "1-0"]
[WhiteElo "2528"]
[BlackElo "2274"]
[PlyCount "75"]
[EventDate "2010.07.18"]
[EventType "swiss"]
[EventRounds "9"]
[EventCountry "ESP"]
[Source "lmi"]
[SourceDate "2010.07.18"]

1. Nf3 g6 2. d4 Bg7 3. c4 c5 4. e4 cxd4 5. Nxd4 Nc6 6. Nc2 Nf6 7. Nc3 O-O 8.
Be2 d6 9. O-O Bd7 10. Be3 Rc8 11. f4 Na5 12. Na3 Be6 13. b3 Ng4 14. Bxg4 Bxg4
15. Qxg4 Bxc3 16. Rad1 Nc6 17. e5 Qa5 18. Nb1 Bb4 19. exd6 Bxd6 20. Qe2 Rcd8
21. Rd5 Qa6 22. Nc3 Bb4 23. Qb2 Rxd5 24. Nxd5 Bd6 25. c5 Qd3 26. cxd6 Qxd5 27.
dxe7 Re8 28. f5 Rxe7 29. Bh6 Qd4+ 30. Qxd4 Nxd4 31. Rd1 Nc6 32. f6 Re6 33. Bg7
Re8 34. Rd7 Rb8 35. Bh6 Ne5 36. Re7 Ng4 37. Bg7 Rd8 38. Re1 1-0

[Event "4. Open Hotel Avenida de Canarias 2010"]
[Site "Vecindario ESP"]
[Date "2010.07.22"]
[Round "6.4"]
[White "Menvielle Laccourreye, Augusto"]
[Black "Barlov, Dragan"]
[Result "1/2-1/2"]
[WhiteElo "2245"]
[BlackElo "2493"]
[PlyCount "62"]
[EventDate "2010.07.18"]
[EventType "swiss"]
[EventRounds "9"]
[EventCountry "ESP"]
[Source "lmi"]
[SourceDate "2010.07.18"]

1. e4 c5 2. Nf3 e6 3. d4 cxd4 4. Nxd4 Nf6 5. Bd3 a6 6. O-O Qc7 7. Qe2 d6 8. c4
Be7 9. Nc3 Nc6 10. Be3 Ne5 11. f3 O-O 12. Rac1 b6 13. Rfd1 Bb7 14. b3 Rfe8 15.
Bb1 Bf8 16. Qf2 Ned7 17. Nde2 Rac8 18. Bd4 Qb8 19. Bd3 Bc6 20. a4 Ba8 21. Rd2
Be7 22. Rdd1 Bd8 23. Bc2 Bc7 24. Qh4 Ne5 25. f4 Ng6 26. Qh3 e5 27. fxe5 dxe5
28. Be3 Nf4 29. Qf3 Nxe2+ 30. Qxe2 b5 31. axb5 axb5 1/2-1/2

[Event "4. Open Hotel Avenida de Canarias 2010"]
[Site "Vecindario ESP"]
[Date "2010.07.22"]
[Round "6.5"]
[White "Andres Gonzalez, Alberto"]
[Black "Perez Felipe, Marcos Adrian"]
[Result "1/2-1/2"]
[WhiteElo "2492"]
[BlackElo "2273"]
[PlyCount "55"]
[EventDate "2010.07.18"]
[EventType "swiss"]
[EventRounds "9"]
[EventCountry "ESP"]
[Source "lmi"]
[SourceDate "2010.07.18"]

1. c4 Nf6 2. g3 e5 3. Bg2 c6 4. d4 Bb4+ 5. Bd2 Bxd2+ 6. Qxd2 d6 7. Nc3 O-O 8.
Nf3 Bg4 9. O-O Bxf3 10. exf3 Nbd7 11. Rad1 Re8 12. b3 a6 13. Bh3 e4 14. Qf4 d5
15. cxd5 Nxd5 16. Nxd5 cxd5 17. Rc1 Nf6 18. Rc5 Qb6 19. Rfc1 Qb4 20. fxe4 Rxe4
21. Qxe4 Nxe4 22. Rc8+ Rxc8 23. Rxc8+ Qf8 24. Rxf8+ Kxf8 25. f3 Nd6 26. Kf2 Ke7
27. Ke3 b6 28. a4 1/2-1/2

[Event "4. Open Hotel Avenida de Canarias 2010"]
[Site "Vecindario ESP"]
[Date "2010.07.22"]
[Round "6.6"]
[White "Larino Nieto, David"]
[Black "Pile, Richard"]
[Result "1-0"]
[WhiteElo "2461"]
[BlackElo "2317"]
[PlyCount "75"]
[EventDate "2010.07.18"]
[EventType "swiss"]
[EventRounds "9"]
[EventCountry "ESP"]
[Source "lmi"]
[SourceDate "2010.07.18"]

1. e4 e5 2. Nf3 Nc6 3. Bb5 d6 4. d4 exd4 5. Nxd4 Bd7 6. Nc3 Nf6 7. O-O Be7 8.
Re1 Nxd4 9. Bxd7+ Qxd7 10. Qxd4 O-O 11. b3 Rfe8 12. Bb2 c6 13. Rad1 Qc7 14. Ne2
Bf8 15. Ng3 Re6 16. Re3 Qb6 17. Qxb6 axb6 18. a4 Rae8 19. Bxf6 Rxf6 20. Red3 g6
21. f3 Rfe6 22. Kf1 Re5 23. c4 Kg7 24. Nh1 Ra8 25. Nf2 Rea5 26. g4 Be7 27. f4
Kf8 28. Kg2 Ke8 29. Rh3 h5 30. gxh5 gxh5 31. f5 h4 32. Ng4 b5 33. f6 Bf8 34.
axb5 cxb5 35. Rxh4 Ra2+ 36. Kf3 R2a3 37. c5 Rxb3+ 38. Kf4 1-0

[Event "4. Open Hotel Avenida de Canarias 2010"]
[Site "Vecindario ESP"]
[Date "2010.07.22"]
[Round "6.7"]
[White "Campos Gambuti, Luis Maria"]
[Black "Inigo Munoz, Javier"]
[Result "1/2-1/2"]
[WhiteElo "2446"]
[BlackElo "2144"]
[PlyCount "79"]
[EventDate "2010.07.18"]
[EventType "swiss"]
[EventRounds "9"]
[EventCountry "ESP"]
[Source "lmi"]
[SourceDate "2010.07.18"]

1. d4 d5 2. c4 e6 3. Nc3 c6 4. e3 Bd6 5. Qc2 f5 6. Bd3 Nh6 7. Nge2 O-O 8. Bd2
a5 9. f3 Qf6 10. O-O-O Na6 11. c5 Nb4 12. Qb1 Nxd3+ 13. Qxd3 Bc7 14. Na4 b5 15.
cxb6 Ba6 16. Qa3 Bxe2 17. Rde1 Bb5 18. bxc7 Bxa4 19. Qxa4 Rfc8 20. Qxc6 Ra7 21.
Kb1 Raxc7 22. Qa6 f4 23. e4 dxe4 24. Rxe4 Rc6 25. Qxa5 Qg6 26. Rg1 Ng4 27. Bxf4
Nf2 28. Qg5 Qf7 29. Qg3 Rc2 30. Rc1 Rxc1+ 31. Bxc1 Nxe4 32. fxe4 Qf1 33. Qe3
Qxg2 34. Qd2 Qh1 35. Qe3 Qxh2 36. Qb3 Qc7 37. Bf4 Qc6 38. Qd3 h5 39. a3 h4 40.
Be5 1/2-1/2

[Event "4. Open Hotel Avenida de Canarias 2010"]
[Site "Vecindario ESP"]
[Date "2010.07.22"]
[Round "6.8"]
[White "Martin Hernandez, Ruben"]
[Black "Vidarte Morales, Arturo"]
[Result "0-1"]
[WhiteElo "1988"]
[BlackElo "2409"]
[PlyCount "34"]
[EventDate "2010.07.18"]
[EventType "swiss"]
[EventRounds "9"]
[EventCountry "ESP"]
[Source "lmi"]
[SourceDate "2010.07.18"]

1. d4 Nf6 2. c4 g6 3. Nc3 Bg7 4. e4 O-O 5. Nf3 d6 6. g3 c5 7. Bg2 cxd4 8. Nxd4
Nc6 9. Nc2 Ne5 10. Ne3 Nfg4 11. Qe2 Nxe3 12. Bxe3 Be6 13. Nd5 Rc8 14. c5 Bxd5
15. exd5 Qa5+ 16. Bd2 Qxc5 17. O-O Qc4 0-1

[Event "4. Open Hotel Avenida de Canarias 2010"]
[Site "Vecindario ESP"]
[Date "2010.07.22"]
[Round "6.9"]
[White "Martinez Martin, David"]
[Black "Garcia Blanco, Omar"]
[Result "1-0"]
[WhiteElo "2406"]
[BlackElo "2179"]
[PlyCount "79"]
[EventDate "2010.07.18"]
[EventType "swiss"]
[EventRounds "9"]
[EventCountry "ESP"]
[Source "lmi"]
[SourceDate "2010.07.18"]

1. d4 Nf6 2. Nf3 c5 3. e3 g6 4. dxc5 Qa5+ 5. Nc3 Qxc5 6. Qd4 Qc7 7. e4 Nc6 8.
Nd5 Qd8 9. Nxf6+ exf6 10. Qa4 Bg7 11. Be3 O-O 12. O-O-O Qe7 13. Bc4 d6 14. Bd5
Be6 15. Kb1 f5 16. exf5 Bxf5 17. Rhe1 Qf6 18. Qa3 Be6 19. Bxc6 bxc6 20. Bd4 Qf4
21. Bxg7 Kxg7 22. Rxd6 Bd5 23. Qc3+ Kg8 24. Rf6 Qg4 25. g3 Rae8 26. Ne5 Qh3 27.
b3 Qxh2 28. Nd7 Rxe1+ 29. Qxe1 Rc8 30. Kb2 Qh1 31. Qc3 Be6 32. Nc5 Qd5 33. Rf4
h5 34. Ne4 Qd8 35. Nf6+ Kf8 36. Qe5 Qc7 37. Qc5+ Qe7 38. Qg5 Qd6 39. Ne4 Qd4+
40. Nc3 1-0

[Event "4. Open Hotel Avenida de Canarias 2010"]
[Site "Vecindario ESP"]
[Date "2010.07.22"]
[Round "6.10"]
[White "Gutierrez Olivares, Daniel"]
[Black "Rudolf, Anna"]
[Result "0-1"]
[WhiteElo "2167"]
[BlackElo "2393"]
[PlyCount "70"]
[EventDate "2010.07.18"]
[EventType "swiss"]
[EventRounds "9"]
[EventCountry "ESP"]
[Source "lmi"]
[SourceDate "2010.07.18"]

1. Nf3 e6 2. e3 c5 3. b3 Nf6 4. Bb2 Be7 5. Be2 O-O 6. O-O d5 7. c4 Nc6 8. d3 b6
9. Nbd2 Bb7 10. a3 Rc8 11. Qc2 Qc7 12. Rfe1 Rfd8 13. Bf1 Qb8 14. Rac1 Ne8 15.
e4 dxe4 16. dxe4 e5 17. g3 Nd4 18. Nxd4 cxd4 19. b4 Qd6 20. Qb3 Ba8 21. Bh3 Rc7
22. Rcd1 Bb7 23. Nf1 Qh6 24. Bg4 Nd6 25. Nd2 Qg6 26. Be2 Nxe4 27. Nf3 Ng5 28.
Nxg5 Qxg5 29. Bd3 Qg4 30. Qc2 h5 31. Rxe5 Qf3 32. Bh7+ Kf8 33. Kf1 Qh1+ 34. Ke2
Bf3+ 35. Kd2 Bxd1 0-1

[Event "4. Open Hotel Avenida de Canarias 2010"]
[Site "Vecindario ESP"]
[Date "2010.07.22"]
[Round "6.11"]
[White "Cabrera Trujillo, Jorge"]
[Black "Angel Acosta, Juan Carlos"]
[Result "1-0"]
[WhiteElo "2365"]
[BlackElo "2160"]
[PlyCount "109"]
[EventDate "2010.07.18"]
[EventType "swiss"]
[EventRounds "9"]
[EventCountry "ESP"]
[Source "lmi"]
[SourceDate "2010.07.18"]

1. e4 c5 2. Nf3 e6 3. d4 cxd4 4. Nxd4 a6 5. Nc3 Nc6 6. Be3 Nf6 7. Bd3 d6 8. O-O
Be7 9. f4 O-O 10. Qf3 Nxd4 11. Bxd4 e5 12. fxe5 Ng4 13. Nd5 Nxe5 14. Qf2 Be6
15. Bxe5 dxe5 16. Bc4 Rc8 17. Qe2 Bxd5 18. Bxd5 Qb6+ 19. Kh1 Qxb2 20. Rab1 Qxc2
21. Qxc2 Rxc2 22. Rxb7 Bf6 23. Ra7 h5 24. Rxa6 Rfc8 25. Ra7 R2c7 26. Rxc7 Rxc7
27. a4 Bg5 28. a5 Be3 29. a6 Kf8 30. g3 f6 31. Rb1 g5 32. h3 Ke7 33. Rb7 Kd6
34. Rb1 Bd4 35. Rf1 Ke7 36. Rb1 Kd6 37. Rd1 Ba7 38. Bf7+ Ke7 39. Bxh5 Rc3 40.
Bg4 Bd4 41. Kg2 Rc2+ 42. Kf1 Rf2+ 43. Ke1 Ra2 44. Be2 Ra3 45. Bd3 Ra2 46. Bc4
Ra3 47. Rd3 Ra1+ 48. Ke2 Ra4 49. Bb5 Ra5 50. Rb3 Kd6 51. Kf3 Ra2 52. Kg4 Rf2
53. Bc4 Kc7 54. Rb7+ Kd6 55. a7 1-0

[Event "4. Open Hotel Avenida de Canarias 2010"]
[Site "Vecindario ESP"]
[Date "2010.07.22"]
[Round "6.12"]
[White "Hernando Rodrigo, Jose Maria"]
[Black "Lopez Colon, Francisco"]
[Result "1-0"]
[WhiteElo "2328"]
[BlackElo "2152"]
[PlyCount "73"]
[EventDate "2010.07.18"]
[EventType "swiss"]
[EventRounds "9"]
[EventCountry "ESP"]
[Source "lmi"]
[SourceDate "2010.07.18"]

1. Nf3 Nf6 2. d4 e6 3. e3 c5 4. Bd3 Nc6 5. O-O d5 6. b3 b6 7. Bb2 Be7 8. Nbd2
O-O 9. Ne5 Qc7 10. a3 Nd7 11. f4 f5 12. Rf3 Nf6 13. Rh3 g6 14. Ndf3 Nxe5 15.
Nxe5 a5 16. Qe1 Ne4 17. g4 Bf6 18. Bxe4 dxe4 19. dxc5 fxg4 20. Rg3 Bh4 21. Nxg4
h5 22. Qc3 e5 23. Nxe5 Qxc5 24. Nc4 Rf6 25. Rd1 Bf5 26. Rd6 Raf8 27. Rxb6 Kh7
28. Rb7+ Kh6 29. Qxa5 Qxa5 30. Nxa5 R6f7 31. Rg2 Bd8 32. Rxf7 Rxf7 33. Nc6 Bb6
34. Bd4 Bc7 35. a4 Rd7 36. c4 Rd6 37. Ne5 1-0

[Event "4. Open Hotel Avenida de Canarias 2010"]
[Site "Vecindario ESP"]
[Date "2010.07.22"]
[Round "6.13"]
[White "Robin, Samy"]
[Black "Rodriguez Melian, Jose Luis"]
[Result "1-0"]
[WhiteElo "2308"]
[BlackElo "2067"]
[PlyCount "49"]
[EventDate "2010.07.18"]
[EventType "swiss"]
[EventRounds "9"]
[EventCountry "ESP"]
[Source "lmi"]
[SourceDate "2010.07.18"]

1. e4 e5 2. Nf3 Nf6 3. Nxe5 d6 4. Nf3 Nxe4 5. Nc3 Nxc3 6. dxc3 Be7 7. Be3 Nd7
8. Qd2 Ne5 9. Be2 O-O 10. O-O-O Ng4 11. Bd3 Nxe3 12. Qxe3 Re8 13. a4 Bf8 14.
Qf4 Qf6 15. Qxf6 gxf6 16. Nd4 Bd7 17. Bf5 Bxf5 18. Nxf5 Re5 19. g4 Rae8 20. h3
Re2 21. Rd2 R2e4 22. f3 R4e5 23. Rd3 Re2 24. c4 b6 25. b3 1-0

[Event "4. Open Hotel Avenida de Canarias 2010"]
[Site "Vecindario ESP"]
[Date "2010.07.22"]
[Round "6.14"]
[White "Natalicchio Escalante, Nicolas"]
[Black "Hernandez Leon, Sergio"]
[Result "1/2-1/2"]
[WhiteElo "2193"]
[BlackElo "2131"]
[PlyCount "26"]
[EventDate "2010.07.18"]
[EventType "swiss"]
[EventRounds "9"]
[EventCountry "ESP"]
[Source "lmi"]
[SourceDate "2010.07.18"]

1. d4 d5 2. c4 c6 3. Nf3 e6 4. Qc2 f5 5. g3 Nf6 6. Bg2 Bd6 7. O-O O-O 8. Ne5
Nbd7 9. Nd3 Qe7 10. Nd2 Ne4 11. Nf3 b6 12. Bf4 Bxf4 13. Nxf4 Bb7 1/2-1/2

[Event "4. Open Hotel Avenida de Canarias 2010"]
[Site "Vecindario ESP"]
[Date "2010.07.22"]
[Round "6.15"]
[White "Garcia Padron, Jose"]
[Black "Thomas, Fabien"]
[Result "1-0"]
[WhiteElo "2455"]
[BlackElo "2082"]
[PlyCount "107"]
[EventDate "2010.07.18"]
[EventType "swiss"]
[EventRounds "9"]
[EventCountry "ESP"]
[Source "lmi"]
[SourceDate "2010.07.18"]

1. e4 c5 2. Nc3 Nc6 3. Nf3 g6 4. d4 cxd4 5. Nxd4 Bg7 6. Be3 d6 7. f3 Nf6 8. Qd2
O-O 9. Bc4 Bd7 10. h4 Rc8 11. Bb3 h5 12. O-O-O Ne5 13. Bg5 Nc4 14. Bxc4 Rxc4
15. Nde2 b5 16. e5 b4 17. exf6 bxc3 18. Nxc3 exf6 19. Bh6 Qa5 20. Bxg7 Kxg7 21.
Qxd6 Be6 22. Rhe1 Rfc8 23. Rxe6 fxe6 24. Qe7+ Kh6 25. Rd7 Rxh4 26. Qxf6 Rh1+
27. Kd2 Qg5+ 28. Qxg5+ Kxg5 29. Ne4+ Kh6 30. Nd6 Rc5 31. c4 Ra5 32. Nf7+ Kg7
33. Nd8+ Kh6 34. Nxe6 Rxa2 35. Kc2 Ra6 36. Nd8 Raa1 37. f4 Rhc1+ 38. Kb3 Ra6
39. Nf7+ Kg7 40. Ne5+ Kf8 41. Kb4 Rb6+ 42. Kc5 Rxb2 43. Rxa7 Rxg2 44. Kd6 Rf1
45. Rf7+ Kg8 46. c5 Rd2+ 47. Ke6 Rdf2 48. c6 Rxf4 49. Rxf4 Rxf4 50. c7 Rf8 51.
Nc6 Re8+ 52. Kf6 Kh7 53. Nd8 Rf8+ 54. Ke7 1-0

[Event "4. Open Hotel Avenida de Canarias 2010"]
[Site "Vecindario ESP"]
[Date "2010.07.22"]
[Round "6.16"]
[White "Sanchez Quintero, Raul"]
[Black "Fernandez Siles, Luis"]
[Result "0-1"]
[WhiteElo "2094"]
[BlackElo "2368"]
[PlyCount "84"]
[EventDate "2010.07.18"]
[EventType "swiss"]
[EventRounds "9"]
[EventCountry "ESP"]
[Source "lmi"]
[SourceDate "2010.07.18"]

1. e4 c5 2. Nf3 d6 3. c3 Nf6 4. h3 Bd7 5. Bd3 Nc6 6. Bc2 g6 7. d3 Bg7 8. Nbd2
O-O 9. Nf1 b5 10. g4 b4 11. Bd2 Ne8 12. Ng3 bxc3 13. bxc3 Qa5 14. d4 cxd4 15.
cxd4 Qa6 16. Bc3 Nc7 17. a4 Be6 18. Qd2 Bc4 19. d5 Ne5 20. Nxe5 dxe5 21. Rc1
Ne8 22. h4 Nd6 23. f3 h6 24. Bd1 e6 25. Bb4 Rfd8 26. Bxd6 Rxd6 27. h5 exd5 28.
hxg6 fxg6 29. exd5 Bxd5 30. Be2 Qxa4 31. Ne4 Rdd8 32. Nc3 Qa5 33. Nxd5 Qxd2+
34. Kxd2 Rxd5+ 35. Ke3 Rd7 36. g5 e4 37. Bc4+ Kh7 38. fxe4 Bd4+ 39. Ke2 h5 40.
Rhd1 Re8 41. Bd3 Re5 42. Rc8 Bb6 0-1

[Event "4. Open Hotel Avenida de Canarias 2010"]
[Site "Vecindario ESP"]
[Date "2010.07.22"]
[Round "6.17"]
[White "De La Hoz Sanchez, Ruben"]
[Black "Tatai, Stefano"]
[Result "0-1"]
[WhiteElo "2027"]
[BlackElo "2357"]
[PlyCount "96"]
[EventDate "2010.07.18"]
[EventType "swiss"]
[EventRounds "9"]
[EventCountry "ESP"]
[Source "lmi"]
[SourceDate "2010.07.18"]

1. e4 c5 2. Nc3 d6 3. Bb5+ Nc6 4. f4 g6 5. Nf3 Bg7 6. O-O Bd7 7. d3 e6 8. Be3
Nh6 9. h3 Nd4 10. Bxd7+ Qxd7 11. Bxd4 cxd4 12. Ne2 e5 13. fxe5 dxe5 14. c3 O-O
15. cxd4 exd4 16. Qb3 Kh8 17. Nf4 Rae8 18. Qd5 Qc7 19. g3 Rd8 20. Qb3 Rd6 21.
Rac1 Qd7 22. Kg2 Rb6 23. Qc2 Qb5 24. Nd5 Rc6 25. Qb3 Qxb3 26. axb3 Rfc8 27. Rc4
b5 28. Rxc6 Rxc6 29. Nb4 Rc7 30. Rf2 f5 31. e5 Nf7 32. e6 Nd6 33. Rc2 Rxc2+ 34.
Nxc2 Kg8 35. Ncxd4 Kf8 36. Kf2 Ke7 37. g4 a6 38. Ke3 Bh6+ 39. g5 Bg7 40. Kf4
Ne8 41. h4 Nc7 42. h5 Bxd4 43. Nxd4 Nxe6+ 44. Nxe6 Kxe6 45. hxg6 hxg6 46. b4
Kd5 47. Ke3 Ke5 48. d4+ Kd5 0-1

[Event "4. Open Hotel Avenida de Canarias 2010"]
[Site "Vecindario ESP"]
[Date "2010.07.22"]
[Round "6.18"]
[White "Rodriguez Perez, David"]
[Black "Vega Gutierrez, Belinda"]
[Result "0-1"]
[WhiteElo "2039"]
[BlackElo "2266"]
[PlyCount "100"]
[EventDate "2010.07.18"]
[EventType "swiss"]
[EventRounds "9"]
[EventCountry "ESP"]
[Source "lmi"]
[SourceDate "2010.07.18"]

1. e4 e5 2. Nf3 Nc6 3. d4 exd4 4. Bc4 Nf6 5. O-O Nxe4 6. Re1 d5 7. Bxd5 Qxd5 8.
Nc3 Qh5 9. Nxe4 Be6 10. Bg5 Bd6 11. c4 O-O 12. c5 Be5 13. Nxe5 Qxd1 14. Raxd1
Nxe5 15. Rxd4 Nc6 16. Rd2 Nb4 17. a3 Nd5 18. f4 Rfe8 19. Ng3 f6 20. f5 Bf7 21.
Rxe8+ Rxe8 22. Bh4 Re5 23. Kf2 Ne3 24. Rd7 Bd5 25. Nf1 Nxf5 26. Bg3 Nxg3 27.
Nxg3 Bc6 28. Rd8+ Kf7 29. b4 Rd5 30. Rxd5 Bxd5 31. Nf5 g6 32. Nd4 a6 33. g3 f5
34. Ke3 Kf6 35. h4 h6 36. Ne2 g5 37. Kd4 Bf3 38. Nc3 f4 39. gxf4 gxf4 40. a4
Kf5 41. b5 axb5 42. Nxb5 Bc6 43. Nxc7 Bxa4 44. Nd5 Bc6 45. Ne7+ Kg4 46. Ng6 f3
47. Ke3 Kg3 48. Nf4 Kxh4 49. Kf2 Kg4 50. Nd3 Kf5 0-1